1833 1107 1370 1224 1408 1495 1575 1317 1692 1281 1833 1816 1864 1079 1797 1698 1055 1076 1914 1241 1698 1611 1865 1285 1316 1227 1828 1412 1618 1142 1783 1044 1646 1263 1421 1881 1240 1391 1419 1661 1243 1886 1932 1762 1789 1965 1745 1409 1129 1951 1175 1670 1323 1520 1738 1478 1069 1051 1661 1551 1718 1020 1523 1854 1100 1204 1635 1692 1936 1700 1393 1655 1542 1463 1520 1652 1528 1700 1101 1705 1356 1478 1784 1950 1382 1392 1828 1237 1754 1572 1714 1511 1897 1294 1764 1200 1908 1111 1849 BCNSPRNW ULIB Ver.6.0+V

เปลี่ยนเป็นภาษาไทย

Change to English
 แสดงรายละเอียดบรรณานุกรม
  กลับหน้าหลัก

Brief Record : Get Marc (ISO 2709) : E-mail record : QR code < ปิดหน้าต่าง
LEADER : 00000nam 2200000uu 4500
001    13399111009
003     ULIB
008    110614s||||||||th 000 0 tha d
020    9786117046438
050 04 AE71^bก678ล 2552
100 0  Clive Gifford
245 10 โลกพิศวง ของ สายลับจารชน /^cโดย Clive Gifford , แปล ; ปรียารัตน์ มาอินทร์
250    พิมพ์ครั้งที่ 1
260    กรุงเทพฯ :^bเนชั่น เอ็กมอนท์,^c2552
300    64 หน้า :^bภาพประกอบสี
650  7 นักสืบ
650  7 สายลับ
700 0  ปรียารัตน์ มาอินทร์,^eแปล
700 0  อมรเทพ ณ บางช้าง,^eตรวจสอบความถูกต้อง
945    ^p395^l0^i027244
945    ^p395^l0^i027243
995    ทศพร
999 ^a ใช้งานได้ทุกระบบ
รายการนี้ยังไม่มีแท็ก
คุณยังไม่ได้ล็อกอิน คุณสามารถมีกิจกรรมร่วมกับเว็บไซต์ได้ แต่ต้องล็อกอินก่อน ::
  ล็อกอิน

รายการสื่อสารสนเทศ

ลำดับที่ ประเภท เลขเรียก/บาร์โค้ด สถานที่ สถานะ
- ไม่พบข้อมูล -

รายการใกล้เคียง
    หัวเรื่อง [สายลับ]

BibComment


ยังไม่เคยถูกคอมเมนท์

คอมเมนท์ทรัพยากรรายการนี้
  คอมเมนท์: โลกพิศวง ของ สายล..


 Copyright 2026. Bcnsprnw @Library